Noms des virages du circuit d'Imola - Statistiques

Statistiques générales
  • Ce quiz a été pris 12 fois
  • Le résultat moyen est 6 sur 8
Statistiques - réponses
Par images Hint Réponse % Correct
9ème virage Piratella
100%
7ème virage Tosa
100%
17 et 18ème virages Rivazza
86%
5 et 6ème virages Variante Villeneuve
86%
11, 12 et 13ème virages Acque Minerali
71%
14 et 15ème virages Variante Alta
57%
1er virage Variante Bassa
57%
2, 3 et 4ème virages Variante Tamburello
43%
Aucun quiz correspondant
Distribution des résultats
% des personnes avec chaque résultat
Percentile par nombre de réponses
Votre historique - résultats
Vous n’avez pas pris ce quiz